00358nam a2200097Ia 4500008004100000020001800041100002700059245011100086260004400197300001900241180430s9999 xx 000 0 und d a9786218029132 aMillan, Zeus Vernon B. aConceptual framework & accounting standards /bBased on Philippine financial reporting standards (PFRSs) / aBaguio City:bBandolin Enterprisec2018 aiii, 672 pages